| 000 | 00557nam a2200217Ia 4500 | ||
|---|---|---|---|
| 003 | GCL | ||
| 008 | 140319s9999 xx 000 0 eng d | ||
| 040 |
_aGCL / _cGCL |
||
| 082 | 0 | 4 |
_aCC _b932.014 _bF R |
| 100 | 1 | _aFREED, RITA E. | |
| 245 | 1 | 0 |
_aRAMSES THE GREAT / _cFREED, RITA E. |
| 260 |
_a[S.N] : _bTHE DALLAS MUSEUM OF NATUXAL HISTORY ، _c1989 |
||
| 300 | _a215 | ||
| 650 | 0 | 4 | _aRELIGION |
| 650 | 0 | 4 | _aANCIENT EGYPT |
| 650 | 0 | 4 | _aHISTORY |
| 650 | 0 | 4 | _aARCHAEOLOGY |
| 650 | 0 | 4 | _aEGYPTOLOGY |
| 650 | 0 | 4 | _aLIFE IN ANCIENT EGYPT |
| 942 |
_2ddc _cBK |
||
| 999 |
_c15937 _d15937 |
||